[Event "TCh-ISR 2011-12"]
[Site "Israel ISR"]
[Date "2012.01.06"]
[Round "5.6"]
[White "Popilski,G"]
[Black "Greenfeld,A"]
[Result "1/2-1/2"]
[WhiteElo "2369"]
[BlackElo "2558"]

1.e4 c5 2.Nf3 Nc6 3.d4 cxd4 4.Nxd4 Nf6 5.Nc3 d6 6.Bg5 e6 7.Qd2 Be7 8.O-O-O O-O
9.f4 Bd7 10.Ndb5 d5 11.exd5 Nxd5 12.Nxd5 exd5 13.Qxd5 Bg4 14.Qxd8 Bxd8 15.Re1 Ba5
16.Re3 a6 17.Nc3 Nd4 18.Bd3 f6 19.Bh4 Nf5 20.Bxf5 Bxf5 21.Nd5 Kh8 22.Ne7 Bg4
23.h3 Rad8 24.c3 Bh5 25.Rhe1 Bf7 26.Re4 Bc7 27.b3 Rd7 28.Bf2 Bd6 29.g4 Ba3+
30.Kc2 Re8 31.Nf5 Red8 32.Bd4 Bg6 33.b4 a5 34.bxa5 Rd5 35.Bb6 Rc8 36.Rd4 Rb5
37.Rd8+ Rxd8 38.Bxd8 Rb2+ 39.Kd3 Rh2 40.Re3 Bc1 41.Re1 Rxh3+ 42.Kc4 Bd2 43.Re7 Rxc3+
44.Kd4 Rc8 45.Bb6 Bxf5 46.gxf5 h5 47.Rxb7 h4 48.a6 h3 49.a7 Bxf4 50.Bc7 Bxc7
51.Rxc7 Ra8 52.Rc3 h2 53.Rh3+ Kg8 54.Rxh2 Rxa7 55.Kc4 Ra8 56.Kb5 Rb8+ 57.Kc6 Ra8
58.Kb5  1/2-1/2

[Event "TCh-CZE Extraliga 2011-12"]
[Site "Czech Republic CZE"]
[Date "2012.01.07"]
[Round "5.1"]
[White "Swiercz,D"]
[Black "Korobov,A"]
[Result "1-0"]
[WhiteElo "2585"]
[BlackElo "2671"]

1.e4 c5 2.Nf3 d6 3.d4 cxd4 4.Nxd4 Nf6 5.Nc3 Nc6 6.Bg5 e6 7.Qd3 Bd7 8.O-O-O a6
9.Be2 Qb6 10.f4 Qxd4 11.Qxd4 Nxd4 12.Rxd4 Bc6 13.Bf3 Be7 14.Rhd1 h6 15.Bxf6 gxf6
16.Bh5 Rg8 17.g3 Rc8 18.R4d3 b5 19.a3 Kf8 20.Re3 Rc7 21.Ne2 Bb7 22.Bf3 Kg7
23.Rd2 Rgc8 24.f5 e5 25.Nc3 Rc5 26.Red3 Kf8 27.Nd5 Bxd5 28.Rxd5 Rxd5 29.Rxd5 Rc5
30.Rd3 a5 31.Rb3 d5 32.exd5 Ke8 33.d6 Bxd6 34.Rxb5 Rxb5 35.Bc6+ Ke7 36.Bxb5 e4
37.Kd2 Bc5 38.Bc6 e3+ 39.Kd3 Kd6 40.Bf3 Ke5 41.Bg4 Kd5 42.c3 Ke5 43.b4 Bb6
44.Kc4 Ke4 45.Be2 Bc7 46.Kb5 axb4 47.cxb4 Kd4 48.a4 Kc3 49.a5 Bb8 50.Bf1 Ba7
51.Ka6 Bd4 52.b5 Kb4 53.b6 Be5 54.b7 Bc7 55.g4 Ka4 56.Be2 Kb4 57.Bd1 Bb8
58.Kb6  1-0

[Event "ch-AUS 2011-12"]
[Site "North Geelong AUS"]
[Date "2012.01.08"]
[Round "11.14"]
[White "Muller,J"]
[Black "Chen,Pengyu"]
[Result "1-0"]
[WhiteElo "2023"]
[BlackElo "2094"]

1.e4 c5 2.Nf3 Nc6 3.d4 cxd4 4.Nxd4 Nf6 5.Nc3 d6 6.Bg5 e6 7.Qd2 a6 8.O-O-O Bd7
9.f3 h6 10.Be3 b5 11.Bd3 Ne5 12.Kb1 Qc7 13.h3 Rb8 14.f4 Nc4 15.Bxc4 bxc4
16.Qe2 Be7 17.Bc1 Qc5 18.g4 Bd8 19.e5 Ba5 20.exf6 Bxc3 21.fxg7 Rg8 22.Nf5 d5
23.b3 cxb3 24.cxb3 Bb5 25.Qc2 exf5 26.Rhe1+ Kd8 27.Re5 Bc6 28.Bb2 Bb4 29.Qxf5  1-0

[Event "4th Chennai Open"]
[Site "Chennai IND"]
[Date "2012.01.11"]
[Round "10"]
[White "Deepan,C"]
[Black "Shashikant,K"]
[Result "1-0"]
[WhiteElo "2495"]
[BlackElo "2289"]

1.e4 c5 2.Nf3 d6 3.d4 cxd4 4.Nxd4 Nf6 5.Nc3 Nc6 6.Bg5 e6 7.Qd2 Qb6 8.Nb3 Be7
9.Bxf6 Bxf6 10.Qxd6 Be7 11.Qg3 O-O 12.Bd3 a5 13.O-O Bf6 14.a4 Be5 15.Qh3 Bxc3
16.bxc3 e5 17.Qe3 Qxe3 18.fxe3 Be6 19.Nc5 b6 20.Nxe6 fxe6 21.Rfb1 Rfb8 22.Rb2 Ne7
23.Rab1 Nc8 24.c4 Ra7 25.c5 Rc7 26.cxb6 Rcb7 27.c4 Rxb6 28.Rb5 Rxb5 29.axb5 Nb6
30.c5 Nd7 31.Rc1 Rc8 32.c6 Kf7 33.Rf1+ Nf6 34.Rb1 Ke7 35.b6 Kd6 36.c7  1-0

[Event "37th Seville Open"]
[Site "Seville ESP"]
[Date "2012.01.12"]
[Round "6"]
[White "Haslinger,S"]
[Black "Komljenovic,D"]
[Result "1-0"]
[WhiteElo "2534"]
[BlackElo "2457"]

1.e4 c5 2.Nf3 Nc6 3.d4 cxd4 4.Nxd4 Nf6 5.Nc3 d6 6.Bg5 g6 7.Bxf6 exf6 8.Bc4 Bg7
9.Ndb5 O-O 10.Qxd6 a6 11.Qxd8 Rxd8 12.Nc7 Ra7 13.N7d5 b5 14.Bb3 f5 15.O-O-O Nd4
16.Rhe1 Rad7 17.e5 Nxb3+ 18.axb3 Bb7 19.Nf6+ Bxf6 20.exf6 Rxd1+ 21.Rxd1 Rxd1+
22.Kxd1 Bxg2 23.Ke2 b4 24.Na4 g5 25.Ke3 f4+ 26.Kd4 h6 27.Ke5 Kh7 28.c4 Bc6
29.Nc5 a5 30.Ne6 h5 31.c5 h4 32.Nd4  1-0

[Event "5th Gora Swietej Anny"]
[Site "Gora Swietej Anny POL"]
[Date "2012.01.14"]
[Round "4.6"]
[White "Kulas,S"]
[Black "Kaluzny,T"]
[Result "1-0"]
[WhiteElo "1969"]
[BlackElo "1671"]

1.e4 c5 2.Nf3 Nc6 3.d4 cxd4 4.Nxd4 Nf6 5.Nc3 d6 6.Bg5 e6 7.Qd2 a6 8.O-O-O Bd7
9.f4 b5 10.Bxf6 gxf6 11.Kb1 Qb6 12.Nce2 Rc8 13.f5 Ne5 14.fxe6 fxe6 15.Nf4 Kf7
16.Qe2 Ng6 17.Nfxe6 Be7 18.Qg4 h5 19.Qf5 Nf8 20.Be2 Rc5 21.Ng5+ Ke8 22.Qf2 Rxg5
23.Rhf1 Qc5 24.Qe1 Ne6 25.Nf5 Ng7 26.Rd5 Qc7 27.Nxe7 Kxe7 28.Qf2 Ne8 29.Rxg5 fxg5
30.Bxh5 Kd8 31.Bxe8 Rxe8 32.Qf6+ Kc8 33.Qxg5 Rxe4 34.Qg3 Re8 35.b3 Bf5 36.Rxf5 Qb6
37.Rf1 Qd4 38.Qd3 Qb4 39.Kb2 Kb8 40.Rd1 Rd8 41.Qd4 Qa5 42.a3 Qc7 43.g4 d5
44.Rd2 Qd6 45.Re2 Ka8 46.Rf2 Qc7 47.g5 Qc6 48.h4 Kb7 49.h5 Qe8 50.Rf6 Rd7
51.Qb6+ Ka8 52.Qxa6+ Ra7 53.Qc6+  1-0

[Event "TCh-AUT 2 Ost 2011-12"]
[Site "Vienna AUT"]
[Date "2012.01.14"]
[Round "5"]
[White "Videki,S"]
[Black "Shengelia,D"]
[Result "1/2-1/2"]
[WhiteElo "2441"]
[BlackElo "2526"]

1.e4 c5 2.Nf3 Nc6 3.d4 cxd4 4.Nxd4 Nf6 5.Nc3 d6 6.Bg5 e6 7.Qd2 Be7 8.O-O-O Nxd4
9.Qxd4 a6 10.f4 b5 11.Bxf6 gxf6 12.Kb1 Qc7 13.g3 Qc5 14.Qd2 Bb7 15.Bg2 O-O-O
16.Rhe1 Kb8 17.f5 h5 18.Re3 h4 19.g4 Bf8 20.Qe1 Bh6 21.Rf3 Bg5 22.a3 Rc8
23.Bf1 Rc7 24.Bd3 Rhc8 25.fxe6 fxe6 26.Ne2 Qe5 27.Qf2 Bxe4 28.Bxe4 Qxe4 29.Qb6+ Qb7
30.Rxd6 Rxc2 31.Rxe6 Qxb6 32.Rxb6+ Ka7 33.Re6 Rd2 34.Nc3 Rxh2 35.Ne4 Rc7
36.Nxg5 fxg5 37.Rff6 Rg2 38.Rxa6+ Kb8 39.Rfb6+ Kc8 40.Ra8+ Kd7 41.Rg8 Rcc2
42.Rg7+ Kc8 43.Rh6 Rxb2+ 44.Kc1 Rbc2+ 45.Kd1 Rcd2+ 46.Kc1 Rc2+ 47.Kd1 Rgd2+
48.Ke1 Rd5 49.Rh8+ Rd8 50.Rhh7 Rc5 51.Ra7 Re5+ 52.Kf2 Rf8+ 53.Kg2 Re2+ 54.Kg1 Re1+
55.Kg2  1/2-1/2

[Event "TCh-CZE Liga1 Vychod"]
[Site "Czech Rep CZE"]
[Date "2012.01.15"]
[Round "6"]
[White "Hrabusa,M"]
[Black "Andreev,Ed UKR"]
[Result "0-1"]
[WhiteElo "2344"]
[BlackElo "2478"]

1.e4 c5 2.Nf3 d6 3.d4 cxd4 4.Nxd4 Nf6 5.Nc3 Nc6 6.Bg5 e6 7.Qd2 a6 8.O-O-O Bd7
9.Be2 b5 10.Nxc6 Bxc6 11.Qe3 Be7 12.e5 Nd5 13.Nxd5 Bxg5 14.Nc7+ Qxc7 15.Qxg5 O-O
16.exd6 Qb7 17.h4 Rfd8 18.h5 f6 19.Qf4 e5 20.Qf5 Rac8 21.Bf3 Bxf3 22.gxf3 Rd7
23.Qe4 Rc6 24.Qd5+ Kf8 25.h6 g5 26.f4 exf4 27.Rhe1 Rcxd6 28.Qc5 Qc7 29.Rxd6 Qxd6
30.Qxd6+ Rxd6 31.Rh1 Kf7 32.c3 f5 33.Kc2 g4 34.b3 g3  0-1

[Event "11th Prague Open A"]
[Site "Prague CZE"]
[Date "2012.01.17"]
[Round "6"]
[White "Aroshidze,L"]
[Black "Mamedov,Nid"]
[Result "1/2-1/2"]
[WhiteElo "2581"]
[BlackElo "2601"]

1.e4 c5 2.Nf3 d6 3.d4 cxd4 4.Nxd4 Nf6 5.Nc3 Nc6 6.Bg5 e6 7.Qd2 a6 8.O-O-O Bd7
9.f4 Be7 10.Nf3 b5 11.Bxf6 gxf6 12.f5 Qb6 13.Kb1 O-O-O 14.Qe1 Kb8 15.fxe6 fxe6
16.g3 Rhe8 17.Bh3 Bf8 18.Ne2 Bc8 19.Qc3 Ne5 20.Nf4 Bh6 21.Nd4 Bxf4 22.gxf4 Nc4
23.Qf3 d5 24.e5 fxe5 25.fxe5 Rg8 26.Rhe1 Rdf8  1/2-1/2

[Event "11th Prague Open A"]
[Site "Prague CZE"]
[Date "2012.01.19"]
[Round "8"]
[White "Stefansson,H"]
[Black "Mamedov,Nid"]
[Result "1/2-1/2"]
[WhiteElo "2534"]
[BlackElo "2601"]

1.e4 c5 2.Nf3 d6 3.d4 cxd4 4.Nxd4 Nf6 5.Nc3 Nc6 6.Bg5 e6 7.Qd2 a6 8.O-O-O Bd7
9.f3 Rc8 10.Be3 h5 11.Nxc6 Bxc6 12.Ne2 b5 13.Bg5 Bb7 14.Kb1 Be7 15.Bxf6 Bxf6
16.Qxd6 Qxd6 17.Rxd6 Ke7 18.Rd2 Bg5 19.Rd3 Rc7 20.g3 Rhc8 21.c3 b4 22.Bg2 a5
23.f4 Bh6 24.cxb4 Rc2 25.Bf3 Rxe2 26.Bxe2 Bxe4 27.Rc1  1/2-1/2

[Event "11th Marienbad IMB2"]
[Site "Marianske Lazne CZE"]
[Date "2012.01.22"]
[Round "2"]
[White "Vlasak,Lu"]
[Black "Chernyshova,N"]
[Result "1/2-1/2"]
[WhiteElo "2292"]
[BlackElo "2072"]

1.e4 c5 2.Nf3 Nc6 3.d4 cxd4 4.Nxd4 Nf6 5.Nc3 d6 6.Bg5 Bd7 7.Qd2 Rc8 8.f4 Nxd4
9.Qxd4 Qa5 10.e5 dxe5 11.fxe5 e6 12.O-O-O Bc6 13.Nb5 Bxb5 14.exf6 Bc6 15.h4 g6
16.Bc4 Bc5 17.Qg4 h5 18.Qg3 Be4 19.Bb3 O-O 20.Rhf1 Rfe8 21.Kb1 Qc7 22.Bf4 e5
23.Bc1 Bf8 24.Rf2 a5 25.a4 Rcd8 26.Rfd2 Rxd2 27.Rxd2 Qc6 28.Re2 Bd5 29.Rxe5 Bxb3
30.cxb3 Rc8 31.Bf4 Qxf6 32.Bg5 Qf1+ 33.Re1 Qf5+ 34.Ka2 Bg7 35.Re2 Rc2 36.Qe3 Kh7
37.Rxc2 Qxc2 38.Qd2 Qc5 39.Be3 Qe7  1/2-1/2

[Event "12th ch-CRO"]
[Site "Opatija CRO"]
[Date "2012.01.22"]
[Round "6.5"]
[White "Brkic,A"]
[Black "Kozul,Z"]
[Result "0-1"]
[WhiteElo "2578"]
[BlackElo "2601"]

1.e4 c5 2.Nf3 d6 3.d4 cxd4 4.Nxd4 Nf6 5.Nc3 Nc6 6.Bg5 e6 7.Qd2 a6 8.O-O-O Bd7
9.f4 b5 10.Bxf6 gxf6 11.Kb1 Rc8 12.Nce2 h5 13.h4 Rg8 14.Rh3 Rg4 15.g3 Qb6
16.Bg2 Rg8 17.Bf3 Nxd4 18.Nxd4 Rc4 19.f5 e5 20.Nb3 Bc6 21.Qe2 Ra4 22.Qe1 Ke7
23.Rh2 Bh6 24.Re2 Rd8 25.Rd3 a5 26.Rd1 Ra8 27.Bxh5 Rc4 28.g4 a4 29.g5 axb3
30.cxb3 Rd4 31.gxh6 b4 32.h7 Bb5 33.Rg2 Rxd1+ 34.Qxd1 Qe3 35.Rd2 Qa7 36.a4 bxa3
37.Qc1 axb2 38.Qxb2 Bc6 39.Bf3 Qe3 40.Qc2 Qxf3 41.h8=Q Bxe4  0-1

[Event "ch-Belgrade 2012"]
[Site "Belgrade SRB"]
[Date "2012.01.23"]
[Round "2.15"]
[White "Lazarevic,ZV"]
[Black "Radovanovic,D"]
[Result "1/2-1/2"]
[WhiteElo "2123"]
[BlackElo "2367"]

1.e4 c5 2.Nf3 Nc6 3.d4 cxd4 4.Nxd4 Nf6 5.Nc3 d6 6.Bg5 g6 7.Bxf6 exf6 8.Bc4 Bg7
9.Ndb5 O-O 10.Qxd6 f5 11.O-O-O Qb6 12.f3 fxe4 13.Nxe4 Bf5 14.Qc5 Qa5 15.Nbd6 Bxe4
16.Qxa5 Nxa5 17.fxe4 Be5 18.Be2 Rad8 19.Nc4 Nxc4 20.Bxc4 Bf4+ 21.Kb1 Bxh2
22.Bd5 Be5  1/2-1/2

[Event "11th Marienbad IMB2"]
[Site "Marianske Lazne CZE"]
[Date "2012.01.24"]
[Round "4"]
[White "Iwanow,A"]
[Black "Pecha,T"]
[Result "1/2-1/2"]
[WhiteElo "2180"]
[BlackElo "2242"]

1.e4 c5 2.Nf3 d6 3.d4 cxd4 4.Nxd4 Nf6 5.Nc3 Nc6 6.Bg5 e6 7.Qd2 h6 8.Bxf6 gxf6
9.O-O-O a6 10.Be2 h5 11.f4 Bd7 12.Kb1 Qc7 13.Rhf1 O-O-O 14.f5 Be7 15.Bc4 Nxd4
16.Qxd4 Qc5 17.Ne2 Qe5 18.Rf2 Kb8 19.Bb3 Bc6 20.Qb4 Qc5 21.Qe1 Bxe4 22.fxe6 fxe6
23.Nd4 Qe5 24.Nxe6 Rc8 25.Re2 f5 26.Nd4 d5 27.Nf3 Qd6 28.Bxd5 Rhd8 29.Rxe4 fxe4
30.Qxe4 Bf6 31.c3 Qb6 32.Kc2 Ka7  1/2-1/2

[Event "Gibraltar Open"]
[Site "Caleta ENG"]
[Date "2012.01.25"]
[Round "2.74"]
[White "Freuler,R"]
[Black "Ali,Se"]
[Result "1-0"]
[WhiteElo "2077"]
[BlackElo "2292"]

1.e4 c5 2.Nf3 Nc6 3.d4 cxd4 4.Nxd4 Nf6 5.Nc3 d6 6.Bg5 Bd7 7.Qd2 Rc8 8.O-O-O Nxd4
9.Qxd4 Qa5 10.Bd2 a6 11.Kb1 Qc5 12.Qxc5 Rxc5 13.f3 e6 14.Be3 Rc8 15.Be2 Be7
16.Rhe1 h6 17.f4 Rxc3 18.bxc3 Nxe4 19.Bd4 Nf6 20.Bf3 O-O 21.Ka1 b5 22.g3 Rc8
23.Rb1 d5 24.Re2 Rc4 25.Re3 Kf8 26.Be2 Ra4 27.Bd3 Ne8 28.Rbe1 Bf6 29.Bxf6 gxf6
30.Rb1 Ke7 31.Rb4 Ra5 32.g4 Kd6 33.Rh3 e5 34.f5 Kc5 35.Rxh6 d4 36.Rb3 Bc6
37.Rh8 Nd6 38.cxd4+ Kxd4 39.Rd8 Kd5 40.Rc3 Ra4 41.Be2 e4 42.h4 Rd4 43.h5 Rd2
44.Re3 Ke5 45.h6 Kf4 46.Rh3 Rxe2 47.h7 Nc4 48.Rd1 e3 49.h8=Q Rxc2 50.Qxf6 e2
51.Qd4+ Be4 52.Qf2+ Ke5 53.Qg3+ Kf6 54.Re1 Rd2 55.Qc3+ Ke7 56.Qxd2 Nxd2 57.Rxe2 Kf6
58.Rxd2 Kg5 59.Rd4 Bb7 60.Rh5+  1-0

[Event "Gibraltar Open"]
[Site "Caleta ENG"]
[Date "2012.01.25"]
[Round "2.63"]
[White "Daurelle,H"]
[Black "Vojinovic,J"]
[Result "1/2-1/2"]
[WhiteElo "2148"]
[BlackElo "2359"]

1.e4 c5 2.Nf3 d6 3.d4 cxd4 4.Nxd4 Nf6 5.Nc3 Nc6 6.Bg5 e6 7.Qd2 Qb6 8.Nb3 Be7
9.Bxf6 gxf6 10.a4 Na5 11.Bb5+ Kd8 12.Nd4 a6 13.Be2 Bd7 14.O-O Rc8 15.Rad1 h5
16.Kh1 Nc4 17.Bxc4 Rxc4 18.b3 Rc5 19.f4 Qb4 20.Nde2 h4 21.h3 Rc7 22.Rf3 Rh5
23.Rd3 Qc5 24.Rd4 b5 25.b4 Qc6 26.axb5 axb5 27.Qe3 Ke8 28.Qf3 Rh7 29.R4d3 Qb7
30.f5 Rc4 31.Nf4 Qc6 32.fxe6 fxe6 33.Qg4 Rf7 34.Qg8+ Rf8 35.Qg6+ Rf7 36.Qg8+ Rf8
37.Qg6+ Rf7  1/2-1/2

[Event "Gibraltar Open"]
[Site "Caleta ENG"]
[Date "2012.01.26"]
[Round "3.21"]
[White "Gopal,G"]
[Black "Freuler,R"]
[Result "1-0"]
[WhiteElo "2566"]
[BlackElo "2077"]

1.e4 c5 2.Nf3 d6 3.d4 cxd4 4.Nxd4 Nf6 5.Nc3 Nc6 6.Bg5 e6 7.Qd2 Be7 8.O-O-O Qb6
9.f3 Nxd4 10.Qxd4 Qxd4 11.Rxd4 a6 12.Na4 Nd7 13.Bxe7 Kxe7 14.c4 Ne5 15.Nb6 Rb8
16.Be2 Rd8 17.Rhd1 Nc6 18.R4d2 e5 19.Nd5+ Ke8 20.Nc3 Ke7 21.Nd5+ Ke8 22.Ne3 Ke7
23.Nc2 Be6 24.b3 f5 25.exf5 Bxf5 26.Ne3 Be6 27.Bd3 g6 28.Be4 Nd4 29.f4 b5
30.Bd5 Nf5 31.Re1 bxc4 32.Nxc4 Bxd5 33.Rxd5 Kf8 34.fxe5 dxe5 35.Rexe5 Rxd5
36.Rxd5 Re8 37.Kd2 Re6 38.a4 Ne7 39.Rd6 Rxd6+ 40.Nxd6 Nc6 41.Kc3 Ke7 42.Ne4 h6
43.Kc4 Kd8 44.Nc5 a5 45.Kb5 Kc7 46.h3 g5 47.g4 Nd4+ 48.Kxa5 Kc6 49.Kb4  1-0

[Event "Gibraltar Open"]
[Site "Caleta ENG"]
[Date "2012.01.27"]
[Round "4.28"]
[White "Berg,E"]
[Black "Melia,S"]
[Result "1/2-1/2"]
[WhiteElo "2550"]
[BlackElo "2398"]

1.e4 c5 2.Nf3 d6 3.d4 cxd4 4.Nxd4 Nf6 5.Nc3 Nc6 6.Bg5 e6 7.Qd2 Be7 8.O-O-O Nxd4
9.Qxd4 O-O 10.f4 Qa5 11.Bc4 Rd8 12.Rhf1 a6 13.f5 Qe5 14.Qxe5 dxe5 15.Rxd8+ Bxd8
16.Rd1 Bc7 17.fxe6 fxe6 18.b4 Kf7 19.a4 Ke7 20.a5 Bd6 21.Na2 h6 22.Bxf6+ gxf6
23.Be2 Bd7 24.c4 Bc6 25.c5 Bc7 26.Nc3 Rg8 27.Bf3 Rd8 28.Rxd8 Bxd8 29.Bg4 Bd7
30.Kd2 f5 31.Bd1 Ke8 32.Bh5+ Kf8 33.Kd3 Bg5 34.Bf3 Bc8 35.Na4 Ke7 36.Nb6 Kd8
37.g4 fxg4 38.Bxg4 Bd7 39.Kc3 Kc7 40.Nc4 Bf4 41.h3 Bg3 42.Nd6 Bf4 43.Bh5 Bg5
44.Bg4 Bf4 45.Kc4 Bg5 46.Kb3 Bf4 47.Be2 Be3 48.Bh5 Bg5 49.Bg6 Bc6 50.Be8 Bd2
51.Kc4 Bg5 52.Kb3 Bd2 53.Kc4 Bg5 54.Kc3 Bc1 55.Kd3 Bg5 56.Kc3 Bc1 57.Kd3 Bg5
58.Bxc6 bxc6 59.Nc4 Bf4 60.Ke2 h5 61.Nb2 Bg5 62.Nd3 Bf6 63.Kf3 Kb7 64.Ne1 Bg5
65.Nc2 Bd2 66.Ke2 Bg5 67.Ne3 Kc7 68.Nf1 Bc1 69.Kd3 Bf4 70.Nd2 Bg5 71.Nc4 Bf6
72.Nd6 Kd7 73.Ke2 Bg5 74.Kd1 Be7 75.Nf7 Bf6 76.Kc2 Ke7 77.Nd6 Kd7 78.Kb3 Bg5
79.Nc4 Bf6 80.Ka4 Kc7 81.Ka3 Kd7 82.Kb3 Kc7 83.Nd6 Kd7 84.Kb2 Be7 85.Nc4 Bf6
86.Kc1 Kc7 87.Kd2 Kd7 88.Ke1 Kc7 89.Kf2 Kd7 90.Kg3 Kc7 91.Nd2 Bg5 92.Nf3 Bf6
93.Nh4 Kd7 94.Ng6 Ke8 95.Nh4 Kd7 96.Nf3 Kc7 97.Kf2 Kd7 98.Nd2 Bh4+ 99.Ke2 Bg5
100.Nf3 Bf6 101.Kd3 Kc7 102.Kc3 Kd7 103.Kc2 Kc7 104.Kd1 Kd7 105.Ke1 Kc7 106.Kf1 Kd7
107.Kg1 Kc7 108.Kh2 Kd7 109.Kg2 Kc7 110.h4 Kd7 111.Kh3 Bg7 112.Kg3 Kc7 113.Kf2 Kd7
114.Ke2 Bf6 115.Ng5 Be7 116.Kf3 Bf6 117.Kg3 Bg7 118.Nf3 Kc7 119.Kg2 Bf6 120.Kh3 Bg7
121.Nd2 Bh6 122.Nc4 Bg7 123.Kg3 Kd7 124.Kh3 Kc7 125.Kg2 Kd7 126.Kf3 Bf6 127.Kg2 Kc7
128.Kg3 Bg7 129.Nd6 Kd7 130.Kf3 Bf6 131.Nc4 Kc7 132.Kg3 Bg7 133.Nb2 Bh6 134.Kf3 Bg7
135.Nd3 Bf6 136.Kg3 Bg7 137.Kh3 Kb7 138.Nf2 Bh6 139.Kg2 Kc7 140.Kf3 Kb7 141.Ke2 Kc7
142.Kd1 Kd7 143.Ke1 Kc7 144.Ke2 Kb7 145.Kd3 Kc7 146.Kc2 Kb7 147.Kc3 Kc7 148.Kd3 Kb7
149.Nh3 Kc7 150.Ng1 Bg7 151.Nh3 Bf6 152.Ng5 Kd7 153.Ke3 Be7 154.Kf3 Bf6 155.Kg3 Be7
156.Nh3 Bf8 157.Nf2 Kc7 158.Kf3 Be7 159.Nd3 Bf6 160.Kg3 Bg7 161.Kh3 Bf6  1/2-1/2

[Event "Gibraltar Open"]
[Site "Caleta ENG"]
[Date "2012.01.27"]
[Round "4.33"]
[White "Gallagher,Jo"]
[Black "Allor,C"]
[Result "1-0"]
[WhiteElo "2505"]
[BlackElo "2145"]

1.e4 c5 2.Nf3 d6 3.d4 cxd4 4.Nxd4 Nf6 5.Nc3 Nc6 6.Bg5 e6 7.Qd2 a6 8.O-O-O Bd7
9.f4 h6 10.Bh4 Nxe4 11.Qe1 Nf6 12.Nf5 Qa5 13.Nxd6+ Bxd6 14.Rxd6 Qc7 15.Rd2 O-O-O
16.Qf2 Ne7 17.Bd3 Bc6 18.Re1 Nf5 19.Bxf6 gxf6 20.Ne4 Rd4 21.g4 Bxe4 22.Rxe4 Rxe4
23.Bxe4 Nd6 24.Bg2 Kb8 25.Qd4 Nc4 26.Rd3 Rc8 27.Rb3 Nd6 28.Qxd6 Qxd6 29.Rxb7+ Ka8
30.Rd7+ Qc6 31.Bxc6+ Rxc6 32.Rxf7 e5 33.fxe5 fxe5 34.Re7  1-0

[Event "Gibraltar Open"]
[Site "Caleta ENG"]
[Date "2012.01.27"]
[Round "4.81"]
[White "Soumya,Sw"]
[Black "De Seroux,C"]
[Result "1/2-1/2"]
[WhiteElo "2280"]
[BlackElo "2076"]

1.e4 c5 2.Nf3 d6 3.d4 cxd4 4.Nxd4 Nf6 5.Nc3 Nc6 6.Bg5 e6 7.Qd2 Be7 8.O-O-O O-O
9.f4 Nxd4 10.Qxd4 Qa5 11.Bc4 Bd7 12.e5 dxe5 13.Qxe5 Qb4 14.Qe2 Bc6 15.Rhf1 Rfe8
16.g4 Rac8 17.Bb3 a5 18.a3 Qb6 19.Bh4 Ne4 20.Nxe4 Bxh4 21.Nd6 Bf6 22.Qf2 Qc7
23.f5 a4 24.Ba2 Bd5 25.Nxe8 Rxe8 26.Bxd5 exd5 27.Rfe1 Rc8 28.Rxd5 h6 29.Qe2 Qc6
30.Red1 Qb6 31.Rb5 Qc7 32.Qe4 Qxh2 33.Rxb7 Qf2 34.Qxa4 Qf3 35.Qd7 Rf8 36.Kb1 Qxg4
37.Re1 Qh3 38.Qd5 Qh5 39.Qb5 Kh7 40.a4 Qh4 41.Rd1 Qe4 42.Rc7 Qf4 43.Rdd7 Re8
44.Ka2 Re4 45.Rb7 Rxa4+ 46.Kb3 Ra8 47.Qc4 Qe5 48.c3 Qa5 49.Kc2 Qe5 50.Rxf7 Qh2+
51.Kb3 Qd2 52.Qg4 Qd5+ 53.Kc2 Qe5 54.Rb6 Qh2+ 55.Kb3 Bxc3 56.Qg6+ Kh8 57.Kxc3 Qh3+
58.Kb4 Qh4+ 59.Kc3 Qh3+ 60.Kb4 Qh4+ 61.Kc3  1/2-1/2

[Event "17th HIT Open A"]
[Site "Nova Gorica SLO"]
[Date "2012.01.27"]
[Round "1"]
[White "Belardinelli,F"]
[Black "Martinovic,Sa"]
[Result "0-1"]
[WhiteElo "1915"]
[BlackElo "2505"]

1.e4 c5 2.Nf3 Nc6 3.d4 cxd4 4.Nxd4 Nf6 5.Nc3 d6 6.Bg5 e6 7.f4 h6 8.Bh4 Bd7
9.Bf2 a6 10.Qf3 Qc7 11.Be2 Rc8 12.O-O Be7 13.Rad1 O-O 14.Nb3 b5 15.Bd3 Nb4
16.Be3 Nxd3 17.cxd3 b4 18.Ne2 Qb7 19.Ng3 Rc2 20.Bc1 e5 21.f5 Bb5 22.Nh5 d5
23.Nxf6+ Bxf6 24.Qg4 Kh7 25.Rf3 dxe4 26.Rh3 exd3 27.Bg5 Rxg2+ 28.Qxg2 Qxg2+
29.Kxg2 Bxg5 30.Nd2 e4 31.Nf1 Rc8 32.Ne3 Rc2+  0-1

[Event "ch-Belgrade 2012"]
[Site "Belgrade SRB"]
[Date "2012.01.29"]
[Round "8.10"]
[White "Ravic,N"]
[Black "Martic,I SRB"]
[Result "1/2-1/2"]
[WhiteElo "2310"]
[BlackElo "2391"]

1.e4 c5 2.Nf3 d6 3.d4 cxd4 4.Nxd4 Nf6 5.Nc3 Nc6 6.Bg5 e6 7.Qd2 a6 8.O-O-O Bd7
9.f4 h6 10.Bh4 g5 11.fxg5 Ng4 12.Nf3 hxg5 13.Bg3 Nce5 14.Be2  1/2-1/2

[Event "Gibraltar Open"]
[Site "Caleta ENG"]
[Date "2012.01.29"]
[Round "6.50"]
[White "Scheckenbach,F"]
[Black "Dukaczewski,P"]
[Result "0-1"]
[WhiteElo "2182"]
[BlackElo "2344"]

1.e4 c5 2.Nf3 d6 3.d4 cxd4 4.Nxd4 Nf6 5.Nc3 Nc6 6.Bg5 e6 7.Qd2 a6 8.Be2 Bd7
9.O-O Rc8 10.Kh1 Be7 11.Rad1 O-O 12.Nb3 Kh8 13.f4 b5 14.e5 Nd5 15.Bxe7 Ncxe7
16.exd6 Nf5 17.Nxd5 exd5 18.Bf3 Rc6 19.Bxd5 Rxd6 20.Qf2 Bc6 21.Bf3 Re8 22.Rxd6 Qxd6
23.Bxc6 Qxc6 24.Re1 Rd8 25.Nc5 h5 26.Ne4 h4 27.h3 f6 28.c3 a5 29.Nd2 Qd5  0-1

[Event "Gibraltar Open"]
[Site "Caleta ENG"]
[Date "2012.01.29"]
[Round "6.31"]
[White "Huschenbeth,N"]
[Black "Ali,Se"]
[Result "0-1"]
[WhiteElo "2518"]
[BlackElo "2292"]

1.e4 c5 2.Nf3 Nc6 3.d4 cxd4 4.Nxd4 Nf6 5.Nc3 d6 6.Bg5 Bd7 7.Qd2 Rc8 8.f3 Nxd4
9.Qxd4 Qa5 10.h4 h6 11.Be3 a6 12.O-O-O e5 13.Qa7 Qc7 14.g4 Be6 15.Rh2 Be7
16.Qb6 Qb8 17.Nd5 Bxd5 18.exd5 Nd7 19.Qb4 b5 20.Qd2 Bd8 21.g5 hxg5 22.hxg5 Rxh2
23.Qxh2 Bb6 24.Bd2 g6 25.Bd3 Ke7 26.Rh1 Qa7 27.Re1 Qa8 28.Be4 Rh8 29.Qg2 Qa7
30.f4 Bf2 31.Re2 Bg1 32.fxe5 Nxe5 33.Qf1 Rh2 34.Bg2 Kf8 35.Qf6 Qc5 36.b4 Qc7
37.Rxe5 dxe5 38.d6 Qd7 39.Qxe5 Qe6 40.Qxe6 fxe6 41.Bb7 Bd4 42.c3 Be5 43.d7 Ke7
44.Bxa6 Kxd7 45.Bxb5+ Kd6 46.a4 Rh1+ 47.Kc2 Rh2 48.Kd3 Rh3+ 49.Kc4 Rh4+ 50.Kb3 Rh2
51.Bc1 Rh1 52.Bb2 Rg1 53.a5 Rxg5 54.Bd3 Kc7 55.b5 Bd6 56.Bc1 Rd5 57.Kc2 Rh5
58.Be3 Bc5 59.Bf4+ Kc8 60.Bxg6 Rh4 61.Be5 Ra4 62.a6 Rg4 63.Bf7 Kd7 64.Bb8 Rg7
65.Bh5 Kc8 66.Bf4 e5 67.Bc1 Kc7 68.Kd3 Kb6 69.Be8 e4+ 70.Kc4 e3 71.Bh5 Rh7
72.Be2 Rh4+ 73.Kd5 Ra4 74.a7 Rxa7 75.Ke4 Rh7 76.c4 Rh4+ 77.Kd3 Rd4+ 78.Kc2 Rd8
79.Bf3 Rh8 80.Be2 Rd8 81.Bd3 Ka5 82.Bb2 Bb4 83.Bc1 Re8 84.Be2 Bc5 85.Bb2 Kb6
86.Bc3 Kc7 87.Kd3 Ra8 88.Bd4 Kb6 89.Bc3 Ra3 90.Kc2 Ra2+ 91.Kd3 Kc7 92.Be5+ Kd7
93.Bc3 Ke6 94.Bg4+ Kd6 95.Be2 Ra3 96.Kc2 Ke6 97.Bg4+ Kf7 98.Bh5+ Kg8 99.Bb2 Ra2
100.Kb3 Ra7 101.Kc2 Kh7 102.Bf3 Kg6 103.Kd3 Kf5 104.Bc3 Kf4 105.Bh5 Ra3 106.Kc2 Kg3
107.Be1+ Kg2 108.Kb2 Ra8 109.Be2 Rh8 110.Kc2 Rh1 111.Ba5 Ra1 112.Bc3 Ra2+
113.Kd3 Kf2 114.Bg4 Ra3  0-1

[Event "Gibraltar Open"]
[Site "Caleta ENG"]
[Date "2012.01.30"]
[Round "7.14"]
[White "Sutovsky,E"]
[Black "Gallagher,Jo"]
[Result "1-0"]
[WhiteElo "2703"]
[BlackElo "2505"]

1.e4 c5 2.Nf3 d6 3.d4 cxd4 4.Nxd4 Nf6 5.Nc3 Nc6 6.Bg5 e6 7.Qd2 a6 8.O-O-O Bd7
9.f3 h6 10.Be3 b5 11.Kb1 Ne5 12.f4 b4 13.fxe5 bxc3 14.Qxc3 dxe5 15.Nf3 Rc8
16.Qxe5 Ng4 17.Qf4 Nxe3 18.Qxe3 Qc7 19.Bxa6 Rb8 20.Rd4 Qb6 21.Qb3 Bc5 22.Rc4 Bd6
23.Qxb6 Rxb6 24.Rd1 e5 25.Bc8 Bb5 26.Rc3 Ke7 27.Nd2 Bb4 28.Rc7+ Kd8 29.Rc4 Bd6
30.a4 Be8 31.Rc3 Bb4 32.Nc4+ Kc7 33.Nxb6+ Bxc3 34.Nd5+ Kxc8 35.Nxc3 Bc6 36.b4 f5
37.exf5 Bxg2 38.Rg1 Bh3 39.Rxg7 Bxf5 40.a5 Kb8 41.Re7  1-0

[Event "Gibraltar Open"]
[Site "Caleta ENG"]
[Date "2012.01.31"]
[Round "8.61"]
[White "Scheckenbach,F"]
[Black "Peek,Mar"]
[Result "1/2-1/2"]
[WhiteElo "2182"]
[BlackElo "2354"]

1.e4 c5 2.Nf3 d6 3.d4 cxd4 4.Nxd4 Nf6 5.Nc3 Nc6 6.Bg5 g6 7.Bxf6 exf6 8.Bc4 Bg7
9.O-O Nxd4 10.Qxd4 O-O 11.Bd5 f5 12.Qb4 Qc7 13.Nb5 Qc5 14.a3 fxe4 15.Bxe4 Qe5
16.Rfe1 a5 17.Qa4 Bd7 18.c4 Rfe8 19.Re2 Bxb5 20.cxb5 Qc5 21.Rc2 Qe5 22.Re2 Qc5
23.Rc2 Qe5 24.Re2  1/2-1/2

[Event "Gibraltar Open"]
[Site "Caleta ENG"]
[Date "2012.01.31"]
[Round "8.69"]
[White "Freuler,R"]
[Black "Tabatt,H"]
[Result "0-1"]
[WhiteElo "2077"]
[BlackElo "2281"]

1.e4 c5 2.Nf3 Nc6 3.d4 cxd4 4.Nxd4 Nf6 5.Nc3 d6 6.Bg5 e6 7.Qd2 a6 8.O-O-O h6
9.Be3 Ng4 10.Nxc6 bxc6 11.f4 Nxe3 12.Qxe3 Be7 13.Kb1 Qa5 14.Be2 Rb8 15.Ka1 Qb4
16.Rb1 d5 17.Qd3 O-O 18.Rhd1 Rd8 19.Bf3 d4 20.Ne2 e5 21.f5 c5 22.c3 Qa4 23.b3 Rxb3
24.Rxb3 c4 25.Qb1 cxb3 26.Qxb3 Qa5 27.Bh5 Rf8 28.Rb1 d3 29.Ng1 Bd7 30.Nf3 Ba4
31.Qc4 Bc2 32.Rb7 Qa3 33.Rb2 Bc5 34.Ne1 Qxb2+ 35.Kxb2 Rb8+  0-1

[Event "Gibraltar Open"]
[Site "Caleta ENG"]
[Date "2012.01.31"]
[Round "8.34"]
[White "Kosintseva,N"]
[Black "Vojinovic,J"]
[Result "1/2-1/2"]
[WhiteElo "2537"]
[BlackElo "2359"]

1.e4 c5 2.Nf3 d6 3.d4 cxd4 4.Nxd4 Nf6 5.Nc3 Nc6 6.Bg5 e6 7.Qd2 Qb6 8.Nb3 Be7
9.Bxf6 gxf6 10.O-O-O Bd7 11.f4 O-O-O 12.Kb1 Kb8 13.Be2 h5 14.Rhf1 Rdg8 15.Bf3 Na5
16.Qe2 Rc8 17.Rd3 Nc4 18.Bxh5 Rh7 19.g4 a5 20.a4 Qb4 21.Rfd1 Bd8 22.Qe1 Bxa4
23.Nxa4 Qxa4 24.Nd4 Qd7 25.b3 Na3+ 26.Kb2 Nb5 27.Nf3 f5 28.c4 fxg4 29.Bxg4 f5
30.cxb5 fxg4 31.Rxd6 Qc7 32.Qd2 Be7 33.Rd7 Ba3+ 34.Kxa3 Rxd7 35.Qxd7 Qc5+
36.Kb2 Qc3+ 37.Ka3 Qb4+ 38.Kb2 Qc3+ 39.Ka3 Qc5+ 40.Kb2 Qc2+ 41.Ka3 Qc5+ 42.Kb2 Qc3+
43.Ka3  1/2-1/2